000 00939nam a2200277 i 4500
005 20220316235630.0
007 ta
008 200419s2003 ck a gr 000 0 spa d
020 _a9583010782
040 _aCO-BoRNBP
_bspa
_erda
_cCO-BoRNBP
041 0 _aspa
082 0 4 _a745.1028
_bF78
_223
245 0 0 _aFrutas para ocasiones especiales
_bcon cartón y papel articulos para el escritorio
_cQuintero Ovalle, Zandra
250 _aPrimera edición
264 1 _aBogotá, Colombia
_bPanamericana
_c2003
300 _a18 páginas
_bilustraciones a color
_c28 cm
336 _atexto
_btxt
_2rdacontent
337 _asin mediación
_bn
_2rdamedia
338 _avolumen
_bnc
_2rdacarrier
490 0 _aManos maestras
521 _aRecomendado a partir de los 17 años
650 1 7 _aFrutas (Cocina)
_xManualidades
_2ARMARC
650 1 7 _aManualidades
_xDiseño y construcción
_2ARMARC
650 1 7 _aTrabajos con papel
_2ARMARC
942 _2ddc
_cBK
999 _c1615
_d1615